书目信息 |
| 题名: |
有机分析
|
|
| 作者: | 丁敬敏 , 赵连俊 主编 | |
| 分册: | ||
| 出版信息: | 北京 化学工业出版社 2004.07 |
|
| 页数: | 263页 | |
| 开本: | 26cm | |
| 丛书名: | ||
| 单 册: | ||
| 中图分类: | O656 | |
| 科图分类: | ||
| 主题词: | 有机分析--高等教育--教材 | |
| 电子资源: | ||
| ISBN: | 7-5025-5001-1 | |
| 000 | 00876nam0 2200241 450 | |
| 001 | 0134697000 | |
| 005 | 20051021092534.64 | |
| 010 | @a7-5025-5001-1@dCNY27.00 | |
| 100 | @a20051021d2004 km y0chiy0120 ea | |
| 101 | 0 | @achi |
| 102 | @aCN@b110000 | |
| 105 | @aa z 000yy | |
| 200 | 1 | @a有机分析@Ayou ji fen xi@f丁敬敏, 赵连俊主编@Fding jing min,zhao lian jun zhu bian |
| 210 | @a北京@c化学工业出版社@d2004.07 | |
| 215 | @a263页@c图@d26cm | |
| 300 | @a教育部高职高专规划教材 高职高专工业分析专业教材。 | |
| 330 | @a本书共六章,内容包括绪论、有机化合物波谱分析、未知物的分析与鉴定、有机混合物的分离、有机元素定量分析、有机官能团定量分析。各主要章节后都附有习题。 | |
| 606 | 0 | @a有机分析@x高等教育@x教材 |
| 690 | @aO656@v4 | |
| 701 | 0 | @a丁敬敏@Ading jing min@4主编 |
| 701 | 0 | @a赵连俊@Azhao lian jun@4主编 |
| 801 | 0 | @aCN@bQSSK@c20051021 |
| 905 | @a10447@dO656@eD534 | |
| 有机分析/丁敬敏, 赵连俊主编.-北京:化学工业出版社,2004.07 |
| 263页:图;26cm |
| 教育部高职高专规划教材 高职高专工业分析专业教材。 |
| ISBN 7-5025-5001-1:CNY27.00 |
| 本书共六章,内容包括绪论、有机化合物波谱分析、未知物的分析与鉴定、有机混合物的分离、有机元素定量分析、有机官能团定量分析。各主要章节后都附有习题。 |
| ● |
| 相关链接 |
|
|
|
正题名:有机分析
索取号:O656/D534
 
预约/预借
| 序号 | 登录号 | 条形码 | 馆藏地/架位号 | 状态 | 备注 |
| 1 | 575358 | 205753585 | 自科库401/401自科库 95排1列2层/ [索取号:O656/D534] | 在馆 | |
| 2 | 575359 | 205753594 | 自科库401/401自科库 95排1列2层/ [索取号:O656/D534] | 在馆 | |
| 3 | 575360 | 205753601 | 自科库401/401自科库 95排1列2层/ [索取号:O656/D534] | 在馆 |